[Event "FRA-ch U20"]
[Site "Europe Echecs INT"]
[Date "2020.07.12"]
[Round "4"]
[White "Leccia, Antoine"]
[Black "Bergougnoux, Axel"]
[Result "1-0"]
[WhiteElo "1950"]
[BlackElo "2191"]
[PlyCount "163"]
[EventDate "2020.07.12"]
[EventType "swiss (rapid)"]
[EventRounds "9"]
[EventCountry "FRA"]
[SourceTitle "EXT 2021"]
[Source "ChessBase"]
[SourceDate "2020.10.23"]
[SourceVersion "1"]
[SourceVersionDate "2020.10.23"]
[SourceQuality "1"]

1. d4 Nf6 2. Nf3 g6 3. Nbd2 Bg7 4. e4 d6 5. Bb5+ c6 6. Bd3 0-0 7. 0-0 Qa5 8. Re1 Bg4 9. h3 Bxf3 10. Nxf3 e5 11. Bd2 Qc7 12. Bc3 Nbd7 13. Qd2 Nh5 14. g3 Rad8 15. Bf1 Rfe8 16. Bg2 Nb6 17. b3 c5 18. dxe5 dxe5 19. Qe2 Bf6 20. Rad1 Ng7 21. Bd2 Ne6 22. c3 c4 23. b4 Na4 24. Rc1 Nb2 25. Rc2 Nd3 26. Rd1 Rd7 27. Be3 b6 28. Rcd2 Red8 29. Ne1 Nxe1 30. Qxe1 Bg5 31. a4 Qc6 32. b5 Qc7 33. Rxd7 Rxd7 34. Rxd7 Qxd7 35. Bxg5 Nxg5 36. h4 Ne6 37. Bf1 Nc5 38. Bxc4 Nxa4 39. Bd5 Qxb5 40. Qa1 a5 41. Qa2 Nxc3 42. Bxf7+ Kg7 43. Qe6 Qc5 44. Be8 Nxe4 45. Qf7+ Kh6 46. g4 Qc1+ 47. Kg2 Qf4 48. g5+ Nxg5 49. hxg5+ Qxg5+ 50. Kf1 Qc1+ 51. Kg2 Qg5+ 52. Kf1 Qf4 53. Qe6 Kg5 54. Qxb6 Qc1+ 55. Kg2 a4 56. Qd8+ Kh6 57. Qh4+ Kg7 58. Qe7+ Kh6 59. Qh4+ Kg7 60. Bxa4 Qc3 61. Qe7+ Kh6 62. Bd7 Qd4 63. Qf8+ Kg5 64. Qe7+ Kh6 65. Qf8+ Kg5 66. Qe7+ Kh5 67. Qxh7+ Kg5 68. Qe7+ Kh6 69. Qf8+ Kg5 70. Qf3 Qxd7 71. Qe3+ Kf6 72. Qb6+ Kg7 73. Qe3 Qd5+ 74. Kf1 Kf6 75. Qh6 Qd1+ 76. Kg2 Qg4+ 77. Kf1 Qc4+ 78. Kg1 Kf5 79. Qf8+ Kg5 80. Qe7+ Kf4 81. Qh4+ Kf5 82. Qxc4 1-0

[Event "FRA-ch U18/14 Online"]
[Site "Europe Echecs INT"]
[Date "2020.07.11"]
[Round "5"]
[White "Kuhn, Clement"]
[Black "Leccia, Antoine"]
[Result "1-0"]
[WhiteElo "2150"]
[BlackElo "1950"]
[PlyCount "101"]
[EventDate "2020.07.11"]
[EventType "swiss (blitz)"]
[EventRounds "9"]
[EventCountry "FRA"]
[SourceTitle "EXT 2021"]
[Source "ChessBase"]
[SourceDate "2020.10.23"]
[SourceVersion "1"]
[SourceVersionDate "2020.10.23"]
[SourceQuality "1"]

1. e4 e5 2. Nf3 Nc6 3. Bb5 a6 4. Ba4 Nf6 5. 0-0 b5 6. Bb3 Bb7 7. Re1 Bc5 8. h3 d6 9. c3 h6 10. d3 0-0 11. Nbd2 Re8 12. Nf1 d5 13. exd5 Nxd5 14. Ng3 Nf6 15. Be3 Bxe3 16. Rxe3 Qd7 17. Qd2 Re7 18. Nh4 e4 19. Ngf5 Re5 20. g4 Ne7 21. Rg3 exd3 22. Rxd3 Qc6 23. f3 Nxf5 24. Nxf5 Rxf5 25. gxf5 Qc5+ 26. Qf2 Qxf5 27. Rad1 Qxh3 28. Bc2 g6 29. Qg2 Qxg2+ 30. Kxg2 Kg7 31. Rd8 Ra7 32. Rb8 Bd5 33. Bb3 Bxb3 34. axb3 a5 35. c4 bxc4 36. bxc4 a4 37. Ra1 Nd7 38. Rb4 Nc5 39. Rd1 a3 40. bxa3 Rxa3 41. Rd5 Ne6 42. c5 Rc3 43. Re4 Rxc5 44. Rd7 Kf6 45. Kg3 Rg5+ 46. Kf2 Rc5 47. Ra4 Rc2+ 48. Kg3 Nc5 49. Rf4+ Ke6 50. Rxc7 Ne4+ 51. Rxe4+ 1-0

[Event "FRA-ch Blitz Online Qual"]
[Site "Europe Echecs INT"]
[Date "2020.05.16"]
[Round "7"]
[White "Leccia, Antoine"]
[Black "Auribault, Louis"]
[Result "1-0"]
[WhiteElo "1950"]
[BlackElo "1618"]
[PlyCount "59"]
[EventDate "2020.05.16"]
[EventType "swiss (blitz)"]
[EventRounds "15"]
[EventCountry "FRA"]
[SourceTitle "CBM 196 Extra"]
[Source "ChessBase"]
[SourceDate "2020.07.31"]
[SourceVersion "1"]
[SourceVersionDate "2020.07.31"]
[SourceQuality "1"]

1. d4 Nf6 2. Nf3 g6 3. g3 Bg7 4. Bg2 0-0 5. 0-0 d6 6. a4 c5 7. Nc3 e6 8. a5 Nc6 9. a6 cxd4 10. Nxd4 Nxd4 11. Qxd4 Nd5 12. Qd3 Nb4 13. Qd1 d5 14. axb7 Bxb7 15. Na4 Nc6 16. Nc5 Bc8 17. c4 Qd6 18. cxd5 Rd8 19. Be3 exd5 20. Qc2 Bf5 21. Nd3 Nb4 22. Qd2 Nxd3 23. exd3 Rab8 24. Bf4 Rxb2 25. Qe3 Qe6 26. Qxa7 Bxd3 27. Rfe1 Qd7 28. Qxd7 Rxd7 29. Ra8+ Bf8 30. Bh6 1-0

[Event "FRA-ch Blitz Online Qual"]
[Site "Europe Echecs INT"]
[Date "2020.05.16"]
[Round "2"]
[White "Saya, Ethan"]
[Black "Leccia, Antoine"]
[Result "0-1"]
[WhiteElo "2199"]
[BlackElo "1950"]
[PlyCount "128"]
[EventDate "2020.05.16"]
[EventType "swiss (blitz)"]
[EventRounds "15"]
[EventCountry "FRA"]
[SourceTitle "CBM 196 Extra"]
[Source "ChessBase"]
[SourceDate "2020.07.31"]
[SourceVersion "1"]
[SourceVersionDate "2020.07.31"]
[SourceQuality "1"]

1. e4 e5 2. Nf3 Nc6 3. Bc4 Nf6 4. d3 h6 5. c3 g5 6. h3 Bg7 7. Nbd2 0-0 8. Nf1 d5 9. exd5 Nxd5 10. a4 Na5 11. Ba2 Nf4 12. Bxf4 exf4 13. N1h2 Re8+ 14. Kf1 Bf5 15. d4 Be6 16. Bxe6 Rxe6 17. Ng4 Qd5 18. Kg1 Rae8 19. Kh2 Nc6 20. Qd3 f5 21. c4 Qe4 22. Nge5 Nxe5 23. Qxe4 fxe4 24. Nxe5 Bxe5 25. dxe5 Rxe5 26. Rad1 R8e7 27. b4 a5 28. b5 Rc5 29. Rd4 Kf7 30. Re1 Rce5 31. Kg1 Kf6 32. Kf1 Kf5 33. Red1 e3 34. fxe3 fxe3 35. Ke2 Re4 36. Rf1+ Rf4 37. Rd3 Rxf1 38. Kxf1 e2+ 39. Ke1 Kf4 40. Rf3+ Ke4 41. Kxe2 Kd4+ 42. Kd2 Kxc4 43. Rf6 Rd7+ 44. Kc2 Rd6 45. Rf7 Kb4 46. Rxc7 Rb6 47. Kd3 Kxa4 48. Kc4 Rxb5 49. Rh7 Rb6 50. g3 Rc6+ 51. Kd5 Rc3 52. Rxb7 Rxg3 53. h4 gxh4 54. Rh7 Rg6 55. Rf7 h3 56. Rf4+ Kb5 57. Rf3 Rg5+ 58. Kd4 Rh5 59. Rb3+ Ka4 60. Kc4 Rh4+ 61. Kc3 h2 62. Rb2 h1Q 63. Ra2+ Kb5 64. Rb2+ Ka6 0-1